| 000 | 00697nam a2200193 4500 | ||
|---|---|---|---|
| 001 | 83239 | ||
| 003 | BD-RjUL | ||
| 005 | 20240305112038.0 | ||
| 008 | 240305s1962 p ||||| |||| 00| 0 urd d | ||
| 035 | _a(BD-RjUL)83239 | ||
| 040 |
_aBD-RjUL _beng _cBD-RjUL |
||
| 041 | _aurd | ||
| 082 |
_223 _a954.0231 _bWAJ |
||
| 245 | 1 | 0 |
_a ظہیر الدین بابر اور ان کا عہد ;; Zaheer-ud-Din Babur aur unka ahad / _b [ایک مستند اور نادر کتاب] _c William Erskine ; tr. by Husain anwar ;; ولیم ارسکین مترجم حسین انور |
| 260 |
_aHydrabad: _bSaikh gulam ali , _c1962 |
||
| 300 |
_a567 p. ; _c23 cm |
||
| 650 |
_aHistory _zBengal _910146 |
||
| 942 |
_2ddc _cBK |
||
| 999 |
_c83239 _d83239 |
||